Wszystkie języki romańskie (z mapą) - Statystyki

Ogólne statystyki
  • Ten quiz został rozwiązany 5 933 razy
  • Średni wynik to 10 z 27
Odpowiedzi na mapie
Odpowiedzi zakodowano w zielono-czerwonej skali na mapie do tego quizu, zgodnie z poniższymi procentami.
 
Statystyki odpowiedzi
Grupa Dialekt Liczba mówiących
językiem
Język/dialekt % Poprawnych
galloromańskie - 76 mln francuski
99%
iberoromańskie - 489 mln hiszpański
99%
italoromańskie - 65 mln włoski
99%
iberoromańskie - 250 mln portugalski
98%
wschodnioromańskie - 24 mln rumuński
93%
okcytanoromańskie - 4 mln kataloński
87%
sardyńskie - 1,3 mln sardyński
48%
iberoromańdkie - 2,4 mln galicyjski
45%
italoromańskie włoskiego 4,7 mln sycylijski
45%
retoromańskie - 44 tys. retoromański
35%
italoromańskie włoskiego 150 tys. korsykański
32%
italoromańskie włoskiego 3,8 mln wenecki
24%
galloromańskie francuskiego 50 tys. normandzki
20%
wschodnioromańskie włoskiego 5,7 mln neapolitański
19%
galloromańskie francuskiego 600 tys. waloński
18%
italoromańskie włoskiego 3,6 mln lombardzki
17%
galloromańskie francuskiego 140 tys. franko-prowansalski
16%
okcytanoromańskie francuskiego 500 tys. oksytański
16%
italoromańskie włoskiego 1,6 mln piemoncki
12%
iberoromańskie hiszpańskiego 25 tys. aragoński
11%
galloromańskie włoskiego 500 tys. liguryjski
10%
wschodnioromańskie - 114 tys. arumuński
5%
galloromańskie francuskiego 200 tys. pikardyjski
4%
retoromańskie - 600 tys. friulski
3%
retoromańskie - 41 tys. ladyński
3%
iberoromańskie - 15 tys. mirandyjski
3%
iberoromańskie hiszpańskiego 200 tys. estremadurski
2%
Nie znaleziono quizów pasujących do podanych kryteriów
Rozkład punktacji
Procent ludzi z każdym wynikiem
Percentyl według liczby udzielonych odpowiedzi
Twoja historia wyników
Nie rozwiązałeś tego quizu